|
|
|
|
| LEADER |
00000nam0a2200000 4500 |
| 001 |
46826 |
| 005 |
20231101211041.0 |
| 035 |
|
|
|a (RuTPU)RU\TPU\book\48883
|
| 090 |
|
|
|a 46826
|
| 100 |
|
|
|a 20030128d1986 km y0rusy50 ca
|
| 101 |
0 |
|
|a rus
|
| 102 |
|
|
|a RU
|
| 105 |
|
|
|a a z 001zy
|
| 200 |
1 |
|
|a Квантовая химия органических соединений
|e Механизмы реакций
|f В. И. Минкин, Б. Я. Симкин, Р. М. Миняев
|
| 210 |
|
|
|a Москва
|c Химия
|d 1986
|
| 215 |
|
|
|a 248 с.
|c ил.
|
| 320 |
|
|
|a Библиогр.: с. 231-242.
|
| 320 |
|
|
|a Предм. указ.: с. 243-246.
|
| 606 |
1 |
|
|a Органические соединения
|x Квантовая химия
|2 stltpush
|3 (RuTPU)RU\TPU\subj\75628
|9 87317
|
| 610 |
1 |
|
|a механизмы реакций
|
| 610 |
1 |
|
|a расчеты
|
| 610 |
1 |
|
|a теория
|
| 610 |
1 |
|
|a библиотека А. Г. Стромберга
|
| 675 |
|
|
|a 547:544.18
|v 3
|
| 700 |
|
1 |
|a Минкин
|b В. И.
|g Владимир Исаакович
|
| 701 |
|
1 |
|a Симкин
|b Б. Я.
|g Борис Яковлевич
|
| 701 |
|
1 |
|a Миняев
|b Р. М.
|g Руслан Михайлович
|
| 801 |
|
1 |
|a RU
|b 63413507
|c 20030128
|g PSBO
|
| 801 |
|
2 |
|a RU
|b 63413507
|c 20170915
|g PSBO
|
| 942 |
|
|
|c BK
|